Aguas turbulentas / (Registro nro. 6403)
[ vista simple ]
| 000 -LEADER | |
|---|---|
| fixed length control field | 01981nam a22002777a 4500 |
| 003 - CONTROL NUMBER IDENTIFIER | |
| control field | OSt |
| 005 - DATE AND TIME OF LATEST TRANSACTION | |
| control field | 20250521163737.0 |
| 008 - FIXED-LENGTH DATA ELEMENTS--GENERAL INFORMATION | |
| fixed length control field | 200127s2014 sp |||jr|||| 000 fdspa d |
| 020 ## - INTERNATIONAL STANDARD BOOK NUMBER | |
| International Standard Book Number | 9788415433989 |
| 040 ## - CATALOGING SOURCE | |
| Original cataloging agency | CO-JMCR |
| Transcribing agency | CO-JMCR |
| 041 1# - LANGUAGE CODE | |
| Language code of text/sound track or separate title | spa |
| Language code of original | eng |
| 082 ## - DEWEY DECIMAL CLASSIFICATION NUMBER | |
| Classification number | J-N |
| Item number | FALa |
| 100 1# - MAIN ENTRY--PERSONAL NAME | |
| Personal name | Falls, Kat, |
| Relator term | autora |
| 9 (RLIN) | 50 |
| 245 10 - TITLE STATEMENT | |
| Title | Aguas turbulentas / |
| Statement of responsibility, etc. | Kat Falls ; traducción de Cristina García-Altozano |
| 250 ## - EDITION STATEMENT | |
| Edition statement | Primera edición |
| 260 ## - PUBLICATION, DISTRIBUTION, ETC. | |
| Place of publication, distribution, etc. | Madrid : |
| Name of publisher, distributor, etc. | Pámies, |
| Date of publication, distribution, etc. | 2014 |
| 300 ## - PHYSICAL DESCRIPTION | |
| Extent | 301 páginas ; |
| Dimensions | 23 cm. |
| 500 ## - GENERAL NOTE | |
| General note | |
| 520 ## - SUMMARY, ETC. | |
| Summary, etc. | Una cadena de terremotos ha sacudido la tierra y regiones enteras han quedado sumergidas bajo el agua. Los humanos viven ahora hacinados en ciudades. Los únicos que poseen un espacio propio son los habitantes del lecho marino, los Abisales. También los Sobs, que viven en municipios -grandes ciudades- naves que surcan los mares-, y se dedican al comercio y al contrabando.<br/>Ty siempre ha sabido que el océano es un lugar peligroso. Cada vez que se aventura fuera de los límites de la granja submarina de sus padres está preparado para hacer frente a toda clase de depredadores marinos: tiburones, calamares gigantes, orcas asesinas...<br/>Pero para lo que no está preparado es para encontrarse con un municipio encadenado a un avión hundido, con todos sus habitantes condenados a una tumba en el fondo del mar, y a que sus padres sean secuestrados por un grupo de Sobs cuando iban a vender su cosecha de algas.<br/>Ahora, en una lucha desesperada contra el reloj para salvar la vida de sus progenitores, y con la ayuda de su amiga Gemma, deberá enfrentarse a políticos corruptos, criminales, los salvajes Sobs y alguna de las criaturas más mortíferas del océano. |
| 546 ## - LANGUAGE NOTE | |
| Language note | Traducido del inglés |
| 650 14 - SUBJECT ADDED ENTRY--TOPICAL TERM | |
| Topical term or geographic name entry element | Novela juvenil |
| 9 (RLIN) | 182 |
| 650 14 - SUBJECT ADDED ENTRY--TOPICAL TERM | |
| Topical term or geographic name entry element | Colonias submarinas |
| General subdivision | novela juvenil |
| 9 (RLIN) | 187 |
| 650 14 - SUBJECT ADDED ENTRY--TOPICAL TERM | |
| Topical term or geographic name entry element | Forajidos |
| General subdivision | novela ficción |
| 9 (RLIN) | 183 |
| 700 ## - ADDED ENTRY--PERSONAL NAME | |
| Personal name | García-Altozano, Cristina, |
| Relator term | traductora |
| 9 (RLIN) | 51 |
| 942 ## - ADDED ENTRY ELEMENTS (KOHA) | |
| Source of classification or shelving scheme | Dewey Decimal Classification |
| Koha item type | Books |
| Withdrawn status | Lost status | Source of classification or shelving scheme | Damaged status | Not for loan | Collection code | Home library | Current library | Shelving location | Date acquired | Source of acquisition | Cost, normal purchase price | Total Checkouts | Total Renewals | Full call number | Barcode | Date last seen | Date last checked out | Copy number | Price effective from | Koha item type |
|---|---|---|---|---|---|---|---|---|---|---|---|---|---|---|---|---|---|---|---|---|
| Dewey Decimal Classification | Fiction | Biblioteca Pública José María del Castillo y Rada | Biblioteca Pública José María del Castillo y Rada | Processing Center | 12/19/2019 | Donación | 0.00 | 7 | 1 | J-N FALa | 201809679 | 11/12/2024 | 11/08/2024 | Ej.1 | 01/27/2020 | Books |